|
|
|
|
| LEADER |
00000cam a2200000 7i4500 |
| 001 |
0000278288 |
| 005 |
20200910142522.0 |
| 020 |
|
|
|a 9789672260073
|
| 090 |
0 |
0 |
|a JF
|b GIA
|
| 100 |
1 |
|
|a Gianopoulos, Andrea
|
| 245 |
1 |
4 |
|a The attractive story of Magnetism with maxaxiom super scientists
|c by Andrea Gianopoulos ; illustrated by Cynthia Martin and Barbara Schulz
|
| 260 |
|
|
|a Subang Jaya :
|b Bright Publications Sdn Bhd ,
|c 2020
|
| 300 |
|
|
|a 32p. :
|b ill. ;
|c 23cm.
|
| 490 |
0 |
|
|a Bright graphic science series
|
| 650 |
|
0 |
|a Comic book and teenagers
|
| 650 |
|
0 |
|a Comic books, strips, etc
|
| 650 |
|
0 |
|a Science fiction comic books, strips, etc
|
| 700 |
1 |
|
|a Martin, Cynthia
|
| 700 |
1 |
|
|a Schulz, Barbara
|
| 999 |
|
|
|a 00384828
|b BUKU
|c PINJAMAN
|e PERPUSTAKAAN KOMUNITI PETALING JAYA
|